Welcome to CU Library Online Public Access Catalogue (OPAC)

RECENT REFERENCE BOOKS IN RELIGION (Record no. 7274)

MARC details
000 -LEADER
fixed length control field 00468nam a22001457a 4500
005 - DATE AND TIME OF LATEST TRANSACTION
control field 20250815121733.0
008 - FIXED-LENGTH DATA ELEMENTS--GENERAL INFORMATION
fixed length control field 250815b |||||||| |||| 00| 0 eng d
020 ## - INTERNATIONAL STANDARD BOOK NUMBER
International Standard Book Number 9780830814404
050 ## - LIBRARY OF CONGRESS CALL NUMBER
Classification number Z 7751
Item number JOH
100 ## - MAIN ENTRY--PERSONAL NAME
Personal name JOHNSTON, WILLIAM M.
245 ## - TITLE STATEMENT
Title RECENT REFERENCE BOOKS IN RELIGION
Remainder of title A Guide for Students, Scholars, Researchers, Buyers & Readers
Statement of responsibility, etc. WILLIAM M. JOHNSTON
260 ## - PUBLICATION, DISTRIBUTION, ETC.
Place of publication, distribution, etc. ILLINIOS
Name of publisher, distributor, etc. INTERVARSITY PRESS
Date of publication, distribution, etc. c1996
300 ## - PHYSICAL DESCRIPTION
Extent 318p.;
942 ## - ADDED ENTRY ELEMENTS (KOHA)
Source of classification or shelving scheme Library of Congress Classification
Koha item type Reference
Suppress in OPAC No
999 ## -
-- 7274
-- 7274
Holdings
Withdrawn status Lost status Source of classification or shelving scheme Damaged status Not for loan Collection Home library Current library Shelving location Date acquired Total checkouts Full call number Barcode Date last seen Copy number Price effective from Koha item type
    Library of Congress Classification     Reference Undergraduate Library (Christ Temple) Undergraduate Library (Christ Temple) General stacks 08/15/2025   Z 7751 JOH ulct00004331 08/15/2025 1 08/15/2025 Reference
© 2023-2024 Copyright: Central University Libraries. All Rights Reserved | Created by: Mahone Tech Office